000 00418nam a2200169Ia 4500
005 20250321015611.0
008 240331s9999 xx 000 0 und d
020 _a9551131770
082 _bALW
_a891
100 _aAlwis,K.K
245 0 _aKidura gosin watunayi pura madulle
250 _a175 p .,
260 _aPannipitiya
_bStandfert lake Pvt Ltd
_c2006
300 _a175 p .,
650 _aLove story
942 _cL
999 _c5331
_d5331